000 nam a22 7a 4500
999 _c9499
_d9499
008 180201b ||||| |||| 00| 0 eng d
100 _aKlara, P S
_95688
245 _aLaboratory skills : Mathematics Part - VII
260 _aNew Delhi
_bArya Publication
_c2007